Statistics for College Football - Team Logos: Big 12

Click here to take the quiz!

General Stats

  • This quiz has been taken 222 times
    (41 since last reset)
  • The average score is 11 of 16

Answer Stats

QuestionAnswer% Correct
Choose the Big XII team:
82%
Choose the Big XII team:
82%
Choose the Big XII team:
79%
Choose the Big XII team:
76%
Choose the Big XII team:
76%
Choose the Big XII team:
73%
Choose the Big XII team:
73%
Choose the Big XII team:
73%
Choose the Big XII team:
73%
Choose the Big XII team:
70%
Choose the Big XII team:
70%
Choose the Big XII team:
67%
Choose the Big XII team:
64%
Choose the Big XII team:
64%
Choose the Big XII team:
58%
Choose the Big XII team:
52%

Score Distribution

Percentile by Number Answered

Percent of People with Each Score

Your Score History

You have not taken this quiz since the last reset